The inrichment of the vveald of Kent: or, A direction to the husband-man, for the true ordering, manuring, and inriching of all the grounds within the wealds of Kent and Sussex (Record no. 113361)

MARC details
000 -LEADER
fixed length control field 01515cam a22002055a 4500
001 - CONTROL NUMBER
control field L155165
008 - FIXED-LENGTH DATA ELEMENTS--GENERAL INFORMATION
fixed length control field 120307s1636 xxk f 000 0 eng d
035 ## - SYSTEM CONTROL NUMBER
System control number (Sirsi) u155165
041 0# - LANGUAGE CODE
Language code of text/sound track or separate title eng
245 04 - TITLE STATEMENT
Title The inrichment of the vveald of Kent: or, A direction to the husband-man, for the true ordering, manuring, and inriching of all the grounds within the wealds of Kent and Sussex
Remainder of title and may generally serue for all the grounds in England, of that nature: as, 1. Shewing the nature of all wealdish grounds, comparing it with the soile of the shires at large. 2. Declaring what the marle is, and the seuerall sorts thereof, and where it is vsually found. 3. The profitable use of marle, and other rich manurings, as well in each sort of arable land, as also for the increase of corne and pasture through the kingdome. Painfully gathered for the good of this iland, by a man of great eminence and worth, but revised, inlarged, and corrected with the consent, and by conference with the first author. By Gervase Markham
260 ## - PUBLICATION, DISTRIBUTION, ETC.
Place of publication, distribution, etc. London
Name of publisher, distributor, etc. Printed by Anne Griffin for Iohn Harison, at the golden Unicorne in Pater-noster row
Date of publication, distribution, etc. 1636
300 ## - PHYSICAL DESCRIPTION
Extent [4], 24p.
Dimensions 4o
520 ## - SUMMARY, ETC.
Summary, etc. Sometimes attributed to Gervase Markham, but probably only edited by him.
520 ## - SUMMARY, ETC.
Summary, etc. Running title reads: The enrichment of the weald of Kent.
583 ## - ACTION NOTE
Action Condition reviewed
Time/date of action 20120620
Status condition level 1
651 #4 - SUBJECT ADDED ENTRY--GEOGRAPHIC NAME
Geographic name Great Britain
Chronological subdivision 1707-
690 ## - LOCAL SUBJECT ADDED ENTRY--TOPICAL TERM (OCLC, RLIN)
Topical term or geographic name as entry element Rural
9 (RLIN) 6268
700 1# - ADDED ENTRY--PERSONAL NAME
Personal name Markham, Gervase
Dates associated with a name 1568?-1637
Relator term ed.
942 ## - ADDED ENTRY ELEMENTS (KOHA)
Suppress in OPAC 0
Holdings
Withdrawn status Lost status Damaged status Not for loan Home library Current library Shelving location Date acquired Total Checkouts Full call number Barcode Date last seen Copy number Price effective from Koha item type
        Historic collection Historic collection Historic collection 07/03/2012   REGIONAL OCTAVO 1636 MARKHAM 30077666 26/08/2025 1 06/08/2019 Book